000 00433cam a22001337a 4500
008 180718b1960 xxu||||| |||| 00| 0 eng d
082 _aH2x73 Ab82c
100 _aAbraham, Henry J.
245 _aCourts and judges: an introduction to the judicial process
_cby Henry J. Abraham
260 _aNew York
_bOxford University Press
_c1960
300 _a58p.
650 _aLaw --Political aspects
650 _aJudicial process --United States
999 _c356949
_d356949